Comuni italiani che confinano con la Svizzera - Statistics

Statistiche generali
  • Questo quiz è stato fatto 47 volte
  • Il punteggio medio è 15 su 89
Statistiche sulle risposte
Comune Regione Provincia % Corretto
Como Lombardia Como
82%
Tirano Lombardia Sondrio
56%
Livigno Lombardia Sondrio
54%
Bormio Lombardia Sondrio
51%
Luino Lombardia Varese
44%
Madesimo Lombardia Sondrio
44%
Courmayeur Valle d'Aosta Valle d'Aosta
38%
Cannobio Piemonte Verbano-Cusio-Ossola
36%
Porto Ceresio Lombardia Varese
33%
Campione d'Italia Lombardia Como
31%
Cernobbio Lombardia Como
31%
Chiesa in Valmalenco Lombardia Sondrio
28%
Formazza Piemonte Verbano-Cusio-Ossola
28%
Teglio Lombardia Sondrio
28%
Villa di Tirano Lombardia Sondrio
28%
Grosio Lombardia Sondrio
26%
Grosotto Lombardia Sondrio
26%
Re Piemonte Verbano-Cusio-Ossola
26%
Bizzarone Lombardia Como
23%
Macugnaga Piemonte Verbano-Cusio-Ossola
23%
Alta Valle Intelvi Lombardia Como
21%
Campodolcino Lombardia Sondrio
21%
Piuro Lombardia Sondrio
21%
Valdidentro Lombardia Sondrio
21%
Viggiù Lombardia Varese
21%
Alagna Valsesia Piemonte Vercelli
18%
Curon Venosta Trentino-Alto Adige Bolzano
18%
Gressoney-La-Trinité Valle d'Aosta Valle d'Aosta
18%
Novate Mezzola Lombardia Sondrio
18%
Uggiate-Trevano Lombardia Como
18%
Valtournenche Valle d'Aosta Valle d'Aosta
18%
Varzo Piemonte Verbano-Cusio-Ossola
18%
Bianzone Lombardia Sondrio
15%
Cantello Lombardia Varese
15%
Chiuro Lombardia Sondrio
15%
Lanzada Lombardia Sondrio
15%
Lavena Ponte Tresa Lombardia Varese
15%
Maccagno con Pino e Veddasca Lombardia Varese
15%
Maslianico Lombardia Como
15%
Ronago Lombardia Como
15%
Stelvio Trentino-Alto Adige Bolzano
15%
Vervio Lombardia Sondrio
15%
Ayas Valle d'Aosta Valle d'Aosta
13%
Baceno Piemonte Verbano-Cusio-Ossola
13%
Bionaz Valle d'Aosta Valle d'Aosta
13%
Colverde Lombardia Como
13%
Ollomont Valle d'Aosta Valle d'Aosta
13%
Prato allo Stelvio Trentino-Alto Adige Bolzano
13%
Saltrio Lombardia Varese
13%
Trasquera Piemonte Verbano-Cusio-Ossola
13%
Valsolda Lombardia Como
13%
Villa di Chiavenna Lombardia Sondrio
13%
Centro Valle Intelvi Lombardia Como
10%
Malles Venosta Trentino-Alto Adige Bolzano
10%
Moltrasio Lombardia Como
10%
Rodero Lombardia Como
10%
San Giacomo Filippo Lombardia Sondrio
10%
Santa Maria Maggiore Piemonte Verbano-Cusio-Ossola
10%
Val Masino Lombardia Sondrio
10%
Cavargna Lombardia Como
8%
Cerano d'Intelvi Lombardia Como
8%
Gordona Lombardia Sondrio
8%
Livo Lombardia Como
8%
Saint-Rhémy-en-Bosses Valle d'Aosta Valle d'Aosta
8%
Schignano Lombardia Como
8%
Tronzano Lago Maggiore Lombardia Varese
8%
Tubre Trentino-Alto Adige Bolzano
8%
Val Rezzo Lombardia Como
8%
Antrona Schieranco Piemonte Verbano-Cusio-Ossola
5%
Bognanco Piemonte Verbano-Cusio-Ossola
5%
Brusimpiano Lombardia Varese
5%
Cavallasca Lombardia Como
5%
Clivio Lombardia Varese
5%
Craveggia Piemonte Verbano-Cusio-Ossola
5%
Cremenaga Lombardia Varese
5%
Dosso del Liro Lombardia Como
5%
Dumenza Lombardia Varese
5%
Etroubles Valle d'Aosta Valle d'Aosta
5%
Gravedona ed Uniti Lombardia Como
5%
Montecrestese Piemonte Verbano-Cusio-Ossola
5%
Premia Piemonte Verbano-Cusio-Ossola
5%
San Nazzaro Val Cavargna Lombardia Como
5%
Besano Lombardia Varese
3%
Cadegliano Viconago Lombardia Varese
3%
Ceppo Morelli Piemonte Verbano-Cusio-Ossola
3%
Curiglia con Monteviasco Lombardia Varese
3%
Saint-Oyen Valle d'Aosta Valle d'Aosta
3%
Valle Cannobina Piemonte Verbano-Cusio-Ossola
3%
Menarola Lombardia Sondrio
0%
Nessun quiz corrispondente trovato
Distribuzione punteggi
Percentuale di utenti per punteggio
Percentile per numero di risposta
I tuoi punteggi nel tempo
Non hai fatto questo quiz